<?xml version="1.0" encoding="UTF-8"?>
<collection xmlns="http://www.loc.gov/MARC21/slim">
<record>
  <controlfield tag="001">75404</controlfield>
  <controlfield tag="005">20210520140802.0</controlfield>
  <datafield tag="037" ind1=" " ind2=" ">
    <subfield code="a">TESIS-2018-068</subfield>
  </datafield>
  <datafield tag="041" ind1=" " ind2=" ">
    <subfield code="a">spa</subfield>
  </datafield>
  <datafield tag="080" ind1=" " ind2=" ">
    <subfield code="a">544</subfield>
  </datafield>
  <datafield tag="100" ind1="1" ind2=" ">
    <subfield code="a">Antón Pérez, Víctor José</subfield>
  </datafield>
  <datafield tag="245" ind1="0" ind2="0">
    <subfield code="a">Estudio termofísico de tiofeno, derivados de tiofeno y ésteres de furfurilo</subfield>
  </datafield>
  <datafield tag="260" ind1=" " ind2=" ">
    <subfield code="a">Zaragoza</subfield>
    <subfield code="b">Universidad de Zaragoza, Prensas de la Universidad</subfield>
    <subfield code="c">2018</subfield>
  </datafield>
  <datafield tag="300" ind1=" " ind2=" ">
    <subfield code="a">356</subfield>
  </datafield>
  <datafield tag="490" ind1="0" ind2=" ">
    <subfield code="a">Tesis de la Universidad de Zaragoza</subfield>
    <subfield code="x">2254-7606</subfield>
    <subfield code="v">2018-68</subfield>
  </datafield>
  <datafield tag="500" ind1=" " ind2=" ">
    <subfield code="a">Presentado:  04 07 2018</subfield>
  </datafield>
  <datafield tag="502" ind1=" " ind2=" ">
    <subfield code="a">Tesis-Univ. Zaragoza, Química Física, 2018</subfield>
    <subfield code="b">Zaragoza, Universidad de Zaragoza</subfield>
    <subfield code="c">2018</subfield>
  </datafield>
  <datafield tag="506" ind1=" " ind2=" ">
    <subfield code="a">by-nc-nd</subfield>
    <subfield code="b">Creative Commons</subfield>
    <subfield code="c">3.0</subfield>
    <subfield code="u">https://creativecommons.org/licenses/by-nc-nd/3.0/</subfield>
  </datafield>
  <datafield tag="520" ind1=" " ind2=" ">
    <subfield code="a">La presente tesis doctoral, con título “Estudio termofísico de tiofeno, derivados de tiofeno y ésteres de furfurilo. Thermophysical study of thiophene, thiophene derivatives and furfuryl esters” se ha realizado en el Departamento de Química Física de la Universidad de Zaragoza bajo la supervisión de los doctores Héctor Artigas Lafaja y Carlos E. Lafuente Dios.&lt;br />El tema de estudio elegido para el desarrollo de la presente memoria es la continuación de una de las líneas de investigación establecidas en nuestro grupo, más concretamente el estudio de las propiedades termofísicas de líquidos puros cuya estructura química es un heterociclo con un átomo de azufre o de oxígeno.&lt;br />El objetivo de este trabajo es la recopilación de la mayor cantidad posible de información termofísica de los siguientes fluidos derivados del tiofeno: tiofeno, 2-metiltiofeno, 2-etiltiofeno, 2,5-dimetiltiofeno, 2-acetiltiofeno, 2-tiofenaldehído y 2-tiofenmetanol. Así mismo, se analizó un derivado del furano (2-etilfurano) y finalmente ésteres del furfurilo: acetato, propionato y butirato. Para ello se estudiaron, a presión atmosférica y en el rango de temperaturas (278,15-338,15) K, las siguientes propiedades: densidad, velocidad de propagación del sonido, viscosidad cinemática, tensión superficial, permitividad estática e índice de refracción (T = 283,15 K-338,15 K). A su vez, se analizaron a altas presiones la densidad y la viscosidad, para esta última propiedad los compuestos medidos fueron 2,5-dimetiltiofeno, 2-etiltiofeno, 2-metiltiofeno y 3-metiltiofeno. También, se midió la presión de vapor en un amplio intervalo de temperaturas de los líquidos mencionados anteriormente. A partir de los resultados hallados de forma experimental se dedujeron algunas propiedades derivadas, cómo la refracción molar, la expansibilidad isobárica o la compresibilidad isoentrópica, entre otras. Las siguientes propiedades fueron modeladas con la ecuación de estado “perturbed-chain Statistical Associated Fluid Theory” (pc-SAFT): densidad, densidad a altas presiones, velocidad de propagación del sonido la presión de vapor; la tensión superficial se modeló con la Teoría del Gradiente de Densidad (DGT).&lt;br />Finalmente, con toda la información proporcionada por las propiedades investigadas, ya sean éstas experimentales o derivadas, se ha descrito el comportamiento a nivel molecular de los fluidos estudiados. Para ello, se han tenido en cuenta factores estructurales, tales como el tamaño y la forma de las moléculas, y las interacciones intermoleculares que puedan establecerse entre ellas.&lt;br /></subfield>
  </datafield>
  <datafield tag="520" ind1=" " ind2=" ">
    <subfield code="a">&lt;br /></subfield>
  </datafield>
  <datafield tag="521" ind1=" " ind2=" ">
    <subfield code="9">7080</subfield>
    <subfield code="a">Programa de Doctorado en Química Física</subfield>
  </datafield>
  <datafield tag="653" ind1="1" ind2=" ">
    <subfield code="a">fisica del estado liquido</subfield>
  </datafield>
  <datafield tag="700" ind1=" " ind2=" ">
    <subfield code="a">LAFUENTE DIOS, CARLOS E.</subfield>
    <subfield code="e">dir.</subfield>
  </datafield>
  <datafield tag="700" ind1=" " ind2=" ">
    <subfield code="a">ARTIGAS LAFAJA, HÉCTOR</subfield>
    <subfield code="e">dir.</subfield>
  </datafield>
  <datafield tag="710" ind1="2" ind2=" ">
    <subfield code="a">Universidad de Zaragoza</subfield>
    <subfield code="b">Química Física</subfield>
  </datafield>
  <datafield tag="830" ind1=" " ind2=" ">
    <subfield code="9">492</subfield>
  </datafield>
  <datafield tag="856" ind1="0" ind2=" ">
    <subfield code="f">tdr@unizar.es</subfield>
  </datafield>
  <datafield tag="856" ind1="4" ind2=" ">
    <subfield code="u">http://zaguan.unizar.es/record/75404/files/TESIS-2018-068.pdf</subfield>
    <subfield code="z">Texto completo (spa)</subfield>
    <subfield code="s">12034200</subfield>
  </datafield>
  <datafield tag="909" ind1="C" ind2="O">
    <subfield code="o">oai:zaguan.unizar.es:75404</subfield>
    <subfield code="p">driver</subfield>
    <subfield code="p">tesis</subfield>
  </datafield>
  <datafield tag="910" ind1="2" ind2=" ">
    <subfield code="a">Química física</subfield>
    <subfield code="b">Química Física</subfield>
  </datafield>
  <datafield tag="980" ind1=" " ind2=" ">
    <subfield code="a">TESIS</subfield>
  </datafield>
</record>
</collection>